000 00593nam a22001697a 4500
005 20251108172334.0
008 250721s2003 xx 000 0 ara d
082 1 4 _a638/حجا
100 1 _aحجازي، عصمت محمد
_eمؤلف
245 1 0 _aالملحقات الحشرية :
_bماهيتها - سبل استخدامها في زيادة الإنتاج الزراعي /
264 1 _aالإسكندرية :
_bمكتبة المعارف الحديثة،
_c2003.
300 _a203ص
650 1 7 _aتربية النحل
650 1 7 _aالزراعة
942 _2ddc
_cBK
999 _c76626
_d76626